[Event "Northumbria Masters 2018"]
[Site "Newcastle ENG"]
[Date "2018.02.15"]
[Round "3.21"]
[White "Moreby, James"]
[Black "Gayson, Peter M"]
[Result "1-0"]
[WhiteElo "2112"]
[BlackElo "2151"]
[WhiteFideId "427756"]
[BlackFideId "401838"]
[EventDate "2018.02.14"]

1. c4 e5 2. Nc3 d6 3. Nf3 f5 4. d4 e4 5. Ng5 Nf6 6. g3 Be7 7. Bg2 O-O 8. O-O c6
9. d5 c5 10. f3 exf3 11. exf3 h6 12. Nh3 Nbd7 13. b3 Ne5 14. Bb2 Bd7 15. a4 a6
16. a5 Rb8 17. Nb1 Nh7 18. Qc2 Bf6 19. Nd2 g5 20. Bc3 Ng6 21. Rae1 Bxc3 22. Qxc3
Qf6 23. Qxf6 Nxf6 24. f4 gxf4 25. Nxf4 Nxf4 26. Rxf4 Rbe8 27. Rff1 Ng4 28. Nf3
Ne3 29. Rf2 Nxg2 30. Kxg2 Rxe1 31. Nxe1 Re8 32. Kf1 Re3 33. Rb2 Rc3 34. Ke2 Rc1
35. Kd2 Ra1 36. b4 cxb4 37. Rxb4 Kf7 38. Rxb7 Ke7 39. Nd3 Rxa5 40. Ke3 Kd8 41.
Rb8+ Bc8 42. Rb6 Kd7 43. c5 Kc7 44. Rc6+ 1-0

[Event "Northumbria Masters 2018"]
[Site "Newcastle ENG"]
[Date "2018.02.15"]
[Round "3.22"]
[White "Dalton, Joseph"]
[Black "Turner, Max N"]
[Result "1/2-1/2"]
[WhiteElo "2045"]
[BlackElo "1933"]
[WhiteFideId "427713"]
[BlackFideId "447722"]
[EventDate "2018.02.14"]

1. d4 d5 2. Nf3 Nf6 3. e3 e6 4. b3 Be7 5. Bd3 c5 6. Bb2 Nbd7 7. O-O O-O 8. Nbd2
b6 9. c4 Bb7 10. Rc1 Rc8 11. Qe2 cxd4 12. exd4 Re8 13. Rfd1 Bf8 14. Ne5 Nxe5 15.
dxe5 Nd7 16. cxd5 Bxd5 17. Rxc8 Qxc8 18. a3 Nc5 19. Bb5 Rd8 20. b4 Nd7 21. Nc4
Qa8 22. Ne3 Bc6 23. Nc2 Nxe5 24. Rxd8 Qxd8 25. Nd4 Bxb5 26. Nxb5 Nc6 27. h3 Qd7
28. Nc3 Ne7 29. Ne4 Ng6 30. Qc2 Qd5 31. Nc3 Qc4 32. Qd2 Qb3 33. Nd1 a5 34. Bc3
Qxa3 35. bxa5 bxa5 36. Bxa5 Qd6 37. Qc2 h6 38. Ne3 Qc5 39. Qd2 Qg5 40. Bd8 Qf4
41. Bb6 Bd6 42. g3 Qb4 43. Qxb4 Bxb4 44. Kg2 f6 45. f4 f5 46. Kf3 Bd6 47. Nc4
Bb8 48. Bd4 Bc7 49. Na3 Kf7 50. Nb5 Bb8 51. Bc3 Ne7 52. g4 g6 53. Bd2 Nd5 54.
Nd4 Kf6 55. Nc6 Bc7 56. Bc1 Kf7 57. Bd2 Kf6 1/2-1/2

[Event "Northumbria Masters 2018"]
[Site "Newcastle ENG"]
[Date "2018.02.15"]
[Round "3.23"]
[White "Bukojemski, Adam"]
[Black "Spanton, Tim R"]
[Result "1-0"]
[WhiteElo "2222"]
[BlackElo "1901"]
[WhiteFideId "1114620"]
[BlackFideId "404802"]
[EventDate "2018.02.14"]

1. e4 e5 2. Nf3 Nc6 3. Bb5 Nf6 4. Nc3 Bb4 5. O-O O-O 6. Re1 d6 7. h3 Ne7 8. Bf1
Ng6 9. a3 Ba5 10. b4 Bb6 11. Na4 Re8 12. Bb2 Bd7 13. Nxb6 axb6 14. d3 Ba4 15.
Qd2 c5 16. g3 Qc7 17. Rac1 Bc6 18. Bg2 Rad8 19. bxc5 Rf8 20. Rf1 Ne8 21. h4 f5
22. Ng5 Qe7 23. h5 f4 24. Nh3 Nh8 1-0

[Event "Northumbria Masters 2018"]
[Site "Newcastle ENG"]
[Date "2018.02.15"]
[Round "3.24"]
[White "Kane, Robert"]
[Black "Garrett, Peter A"]
[Result "1-0"]
[WhiteElo "1900"]
[BlackElo "1685"]
[WhiteFideId "420468"]
[BlackFideId "420611"]
[EventDate "2018.02.14"]

1. d4 c5 2. d5 Nf6 3. c4 b5 4. a4 b4 5. Nd2 g6 6. e4 d6 7. f4 Nfd7 8. Ngf3 Bg7
9. Bd3 a5 10. O-O O-O 11. Qe1 Qc7 12. Qh4 Re8 13. e5 dxe5 14. Ne4 f5 15. Neg5
Nf8 16. fxe5 Bxe5 17. Re1 Bd6 18. b3 e5 19. dxe6 Nc6 20. Bb2 Nd4 21. Nxd4 cxd4
22. c5 Bxc5 23. e7 Rxe7 24. Bc4+ Kg7 25. Bxd4+ Bxd4+ 26. Qxd4+ Kh6 27. Rxe7 Qxe7
28. Nf7+ Kh5 29. Qd1+ Kh4 30. g3+ Kh3 31. Bf1# 1-0

[Event "Northumbria Masters 2018"]
[Site "Newcastle ENG"]
[Date "2018.02.16"]
[Round "4.1"]
[White "Vakhidov, Jakhongir"]
[Black "Donchenko, Alexander"]
[Result "1/2-1/2"]
[WhiteTitle "GM"]
[BlackTitle "GM"]
[WhiteElo "2532"]
[BlackElo "2583"]
[WhiteFideId "14201801"]
[BlackFideId "24603295"]
[EventDate "2018.02.14"]

1. d4 Nf6 2. c4 e6 3. Nf3 d5 4. g3 Bb4+ 5. Bd2 Be7 6. Bg2 O-O 7. O-O c6 8. Qc2
Nbd7 9. Rd1 b6 10. b3 Bb7 11. Nc3 c5 12. cxd5 Nxd5 13. Nxd5 Bxd5 14. e4 Bb7 15.
d5 exd5 16. exd5 Bf6 17. Bc3 Re8 18. Nd2 Bxc3 19. Qxc3 Qf6 20. Qxf6 Nxf6 21. Nc4
Rad8 22. d6 Ba6 23. Rd2 Bxc4 24. bxc4 Ne4 25. Rd3 f5 26. Rad1 Re6 27. d7 Kf8 28.
Ra3 a5 29. Bxe4 fxe4 30. Re3 Ke7 31. Rde1 Rxd7 32. Rxe4 Rxe4 33. Rxe4+ Kf6 34.
Re2 Rd1+ 35. Kg2 Rb1 36. Kf3 Rb4 1/2-1/2

[Event "Northumbria Masters 2018"]
[Site "Newcastle ENG"]
[Date "2018.02.16"]
[Round "4.2"]
[White "Gormally, Daniel W"]
[Black "Tan, Justin2"]
[Result "1/2-1/2"]
[WhiteTitle "GM"]
[BlackTitle "IM"]
[WhiteElo "2483"]
[BlackElo "2479"]
[WhiteFideId "406465"]
[BlackFideId "3206882"]
[EventDate "2018.02.14"]

1. d4 Nf6 2. Nf3 d5 3. c4 e6 4. g3 Be7 5. Nbd2 O-O 6. Bg2 c5 7. cxd5 Nxd5 8. O-O
Nc6 9. dxc5 Bxc5 10. Nb3 Be7 11. e4 Nf6 12. Qe2 e5 13. Bd2 Be6 14. Bc3 Nd7 15.
Rfd1 Qb6 16. Nbd2 Rac8 17. Nf1 Bf6 18. Ne3 Nd4 19. Qd2 Nxf3+ 20. Bxf3 Bg5 21.
Nd5 Bxd2 22. Nxb6 Nxb6 23. Rxd2 f6 24. Be2 Na4 25. Bb4 Rfd8 26. Rxd8+ Rxd8 27.
b3 Rd4 28. Be1 Nc5 29. f3 b6 30. Rd1 Rxd1 31. Bxd1 a5 32. Be2 Kf7 33. Kf2 Ke7
34. Ke3 Kd6 35. Bc3 Bf7 36. Bb5 1/2-1/2

[Event "Northumbria Masters 2018"]
[Site "Newcastle ENG"]
[Date "2018.02.16"]
[Round "4.5"]
[White "Hunt, Adam C"]
[Black "Welling, Gerard"]
[Result "1/2-1/2"]
[WhiteTitle "IM"]
[BlackTitle "IM"]
[WhiteElo "2416"]
[BlackElo "2320"]
[WhiteFideId "403970"]
[BlackFideId "1000446"]
[EventDate "2018.02.14"]

1. e4 c6 2. d4 d5 3. exd5 cxd5 4. c4 Nf6 5. Nc3 Nc6 6. Bg5 Be6 7. Be2 Qa5 8. c5
Ne4 9. Bd2 Nxd2 10. Qxd2 g6 11. Bf3 Bg7 12. Nge2 O-O 13. O-O b6 14. cxb6 Qxb6
15. Rfd1 Rfd8 16. Rac1 Rd6 17. h3 Rb8 18. b3 Qa5 19. Qe3 Nb4 20. Rd2 Rc6 21.
Rcd1 Rbc8 22. g4 a6 23. Kg2 R6c7 24. Ra1 Qa3 25. Nb1 Qa5 26. Nbc3 Qa3 27. Rad1
Qa5 28. Ra1 Qa3 29. Nb1 Qa5 1/2-1/2

[Event "Northumbria Masters 2018"]
[Site "Newcastle ENG"]
[Date "2018.02.16"]
[Round "4.8"]
[White "Nasuta, Grzegorz"]
[Black "Tavoularis, Nicholas"]
[Result "1-0"]
[WhiteTitle "IM"]
[WhiteElo "2454"]
[BlackElo "2168"]
[WhiteFideId "1141686"]
[BlackFideId "4205596"]
[EventDate "2018.02.14"]

1. e4 d5 2. exd5 Qxd5 3. Nc3 Qd6 4. d4 Nf6 5. Nf3 a6 6. g3 Bg4 7. h3 Bxf3 8.
Qxf3 c6 9. Be3 Nbd7 10. O-O-O e6 11. g4 Be7 12. Bd3 Qb4 13. a3 Qa5 14. Bd2 Qb6
15. g5 Nd5 16. Ne2 c5 17. Be4 Nc7 18. dxc5 Nxc5 19. Be3 a5 20. Nc3 O-O 21. Qf4
Rac8 22. Rd7 Rfe8 23. Na4 Qb5 24. Nxc5 e5 25. Qf3 Ne6 26. Rxb7 1-0

[Event "Northumbria Masters 2018"]
[Site "Newcastle ENG"]
[Date "2018.02.16"]
[Round "4.11"]
[White "Player, Edmund C"]
[Black "Lalic, Bogdan"]
[Result "1/2-1/2"]
[BlackTitle "GM"]
[WhiteElo "2172"]
[BlackElo "2401"]
[WhiteFideId "406520"]
[BlackFideId "409081"]
[EventDate "2018.02.14"]

1. e4 c5 2. Nf3 d6 3. d4 cxd4 4. Nxd4 Nf6 5. Nc3 a6 6. h3 e5 7. Nde2 h5 8. g3
Nbd7 9. Bg2 b5 10. a3 Be7 11. O-O Bb7 12. Bg5 Rc8 13. Qd2 Nc5 14. Bxf6 Bxf6 15.
Nd5 Bxd5 16. Qxd5 O-O 17. Nc3 Ne6 18. Qd1 Nd4 19. Qxh5 Nxc2 1/2-1/2

[Event "Northumbria Masters 2018"]
[Site "Newcastle ENG"]
[Date "2018.02.16"]
[Round "4.12"]
[White "Longson, Sarah N"]
[Black "Percivaldi, Martin"]
[Result "0-1"]
[WhiteTitle "WFM"]
[BlackTitle "IM"]
[WhiteElo "2124"]
[BlackElo "2395"]
[WhiteFideId "2501465"]
[BlackFideId "1508148"]
[EventDate "2018.02.14"]

1. e4 e6 2. d4 d5 3. Nc3 Nf6 4. Bg5 Bb4 5. e5 h6 6. Bd2 Bxc3 7. bxc3 Ne4 8. Qg4
Kf8 9. Qf4 Nxd2 10. Qxd2 c5 11. Nf3 c4 12. Be2 Nc6 13. O-O Bd7 14. Ne1 b5 15. a3
g6 16. f4 h5 17. Nf3 Qe7 18. Rfb1 Rb8 19. Ng5 Ke8 20. Qc1 Kd8 21. Bf3 Kc7 22. g3
a5 23. Qd2 Rb7 24. Kg2 Rhb8 25. Be2 Be8 26. Nf3 Rb6 27. h4 R8b7 28. Ra2 Kb8 29.
Ng5 b4 30. axb4 axb4 31. cxb4 Rxb4 32. Rba1 Rb2 33. Nh7 Bd7 34. Nf6 Kc7 35. Rxb2
Rxb2 36. Bxc4 dxc4 37. d5 Qb4 38. Qxb4 Rxb4 39. Nxd7 exd5 40. Nf6 Rb5 41. Ra8 d4
42. Ne8+ Kd7 43. Nf6+ Kc7 44. Ne8+ Kb6 45. Nd6 Rb4 46. Kf3 Kc5 47. Ne4+ Kb6 48.
Nd6 c3 49. Ke2 Rb1 50. Nxf7 Rc1 51. Kd3 Kc5 52. e6 Nb4+ 53. Ke4 Re1+ 54. Kf3
Re3+ 55. Kf2 Rxe6 56. Ra5+ Kb6 57. Ra8 Nxc2 58. Ne5 Nb4 59. Rb8+ Ka5 60. Rc8 Ka4
61. Rc4 Kb3 62. Rxd4 c2 63. Rc4 Nd3+ 0-1

[Event "Northumbria Masters 2018"]
[Site "Newcastle ENG"]
[Date "2018.02.16"]
[Round "4.13"]
[White "White, Stuart A"]
[Black "Gourlay, Iain"]
[Result "0-1"]
[BlackTitle "FM"]
[WhiteElo "2107"]
[BlackElo "2371"]
[WhiteFideId "407747"]
[BlackFideId "2401533"]
[EventDate "2018.02.14"]

1. d4 d5 2. c4 e6 3. Nc3 Nf6 4. cxd5 exd5 5. Bg5 c6 6. e3 Be7 7. Bd3 Nbd7 8.
Nge2 h6 9. Bh4 Nh5 10. Bxe7 Qxe7 11. Qd2 Nb6 12. f3 Bd7 13. O-O O-O 14. g4 Nf6
15. Nf4 Rfe8 16. Rae1 c5 17. h3 Qd6 18. Qh2 Rac8 19. h4 Nc4 20. Nfxd5 Qxh2+ 21.
Kxh2 Nxd5 22. Nxd5 Nxb2 23. Be4 Bb5 24. Rf2 Nd3 25. Bxd3 Bxd3 26. dxc5 Rxc5 27.
Nf4 Bc4 28. Rc2 b5 29. e4 Rc6 30. Rd1 Rec8 31. Kg3 a5 32. Rd7 g5 33. hxg5 hxg5
34. Nh3 Be6 35. Rxc6 Rxc6 36. Rd2 f6 37. Nf2 Rc3 38. Rd8+ Kf7 39. Rb8 b4 40.
Rb7+ Kf8 41. Rb5 Ra3 42. Rb8+ Ke7 43. Rb7+ Kd6 44. Rb6+ Kd7 45. e5 fxe5 46. Ne4
Bxa2 47. Nxg5 Bd5 48. Kf2 b3 49. Ne4 Kc7 50. Rb5 Bc6 51. Rxe5 Bxe4 52. fxe4 Ra4
53. Rc5+ Kd6 54. Rd5+ Ke6 55. Rd1 Rxe4 56. Rb1 a4 57. Kf3 Rb4 58. g5 a3 59. g6
Kf6 0-1

[Event "Northumbria Masters 2018"]
[Site "Newcastle ENG"]
[Date "2018.02.16"]
[Round "4.14"]
[White "Macklin, Paul"]
[Black "Moreby, James"]
[Result "1-0"]
[WhiteElo "2307"]
[BlackElo "2112"]
[WhiteFideId "455865"]
[BlackFideId "427756"]
[EventDate "2018.02.14"]

1. e4 c5 2. Nf3 d6 3. c3 Nf6 4. Be2 e6 5. O-O Be7 6. Re1 O-O 7. Bf1 Nc6 8. d4
cxd4 9. cxd4 d5 10. e5 Ne4 11. Nc3 Bb4 12. Nxe4 Bxe1 13. Bg5 Qc7 14. Nf6+ gxf6
15. Bxf6 Ne7 16. Qxe1 h6 17. Rc1 Qd7 18. Qd2 Kh7 19. Ng5+ hxg5 20. Qxg5 Nf5 21.
Qh5+ Nh6 22. Bd3+ Kg8 23. Qg5# 1-0

[Event "Northumbria Masters 2018"]
[Site "Newcastle ENG"]
[Date "2018.02.16"]
[Round "4.15"]
[White "Haria, Ravi"]
[Black "Izod, Chris"]
[Result "1-0"]
[WhiteTitle "IM"]
[WhiteElo "2376"]
[BlackElo "1882"]
[WhiteFideId "415820"]
[BlackFideId "429716"]
[EventDate "2018.02.14"]

1. Nf3 e6 2. g3 d5 3. Bg2 Nf6 4. O-O Be7 5. c4 O-O 6. d4 c6 7. Qc2 b6 8. b3 Nbd7
9. Bb2 Ba6 10. Nbd2 Rc8 11. e4 Qc7 12. Rfe1 Rfd8 13. Rad1 b5 14. e5 Ne8 15. c5
b4 16. Nf1 Bb5 17. Ne3 a5 18. h4 Ra8 19. Ng5 Nf8 20. f4 g6 21. Ng4 Kg7 22. h5
gxh5 23. Nh2 Kg8 24. g4 Bxg5 25. fxg5 h4 26. g6 fxg6 27. Bc1 Qg7 28. g5 Nc7 29.
Ng4 Nd7 30. Qf2 Rf8 31. Nf6+ Nxf6 32. exf6 Qf7 33. Bf4 Rfe8 34. Qxh4 a4 35. Qg3
Ra7 36. Bh3 axb3 37. axb3 Ba6 38. Ra1 Nb5 39. Qe3 Bc8 40. Be5 Ra3 41. Bf1 Ba6
42. Qd2 Nc7 43. Qxb4 Rxa1 44. Rxa1 Bxf1 45. Ra7 1-0

[Event "Northumbria Masters 2018"]
[Site "Newcastle ENG"]
[Date "2018.02.16"]
[Round "4.17"]
[White "Berry, Neil"]
[Black "Dalton, Joseph"]
[Result "1-0"]
[WhiteTitle "FM"]
[WhiteElo "2267"]
[BlackElo "2045"]
[WhiteFideId "2400650"]
[BlackFideId "427713"]
[EventDate "2018.02.14"]

1. d4 d5 2. c4 e6 3. Nf3 Nf6 4. g3 b6 5. Bg2 Bb7 6. Ne5 Bb4+ 7. Nc3 O-O 8. O-O
c5 9. Nd3 cxd4 10. Nxd5 Bxd5 11. cxd5 a5 12. dxe6 Ra7 13. exf7+ Raxf7 14. Bf4
Kh8 15. Bxb8 Qxb8 16. Nxb4 axb4 17. Qxd4 Qe8 18. Bf3 Qe7 19. Rad1 Nd7 20. Bh5
Rf5 21. Bg4 R5f7 22. Qxd7 Qc5 23. Qd5 1-0

[Event "Northumbria Masters 2018"]
[Site "Newcastle ENG"]
[Date "2018.02.16"]
[Round "4.18"]
[White "Zhang, Zheming"]
[Black "Storey, Charles H"]
[Result "0-1"]
[BlackTitle "FM"]
[WhiteElo "1900"]
[BlackElo "2262"]
[WhiteFideId "430757"]
[BlackFideId "406686"]
[EventDate "2018.02.14"]

1. e4 c6 2. d4 d5 3. e5 Bf5 4. Nf3 e6 5. Be2 h6 6. O-O g5 7. c3 g4 8. Ne1 h5 9.
Nd2 Nd7 10. f3 Bh6 11. fxg4 Be3+ 12. Kh1 hxg4 13. g3 Qg5 14. Ng2 Qh6 15. Nh4 Ne7
16. Bxg4 Bxg4 17. Qxg4 Bxd2 18. Bxd2 Qxd2 19. Qg7 O-O-O 20. Qxf7 Nf5 21. Rxf5
exf5 22. e6 Nb6 23. Qxf5 Rdf8 24. Qg4 Kb8 25. h3 Nc8 26. Rg1 a5 27. Ng2 Qg5 28.
Nh4 Qxg4 29. hxg4 Rfg8 30. Kg2 Rxh4 31. gxh4 Rxg4+ 32. Kf2 Rxh4 33. Kf3 Re4 34.
Rg6 Ne7 35. Rh6 Kc7 36. Kf2 Kd6 37. Rh8 Rxe6 38. Ra8 b6 39. Rd8+ Kc7 40. Rh8 Nc8
41. Rh7+ Re7 42. Rh5 Nd6 43. Rh3 a4 44. Kf1 b5 45. Rg3 Nc4 46. b3 axb3 47. axb3
Nd2+ 48. Kg2 Nxb3 49. Kf2 Nd2 50. Rh3 Kb6 51. Rd3 Nb1 52. Rh3 Re6 53. Rd3 Ka5
54. Kf3 Ka4 55. Kf4 Kb3 56. Kf5 Rh6 57. Kg5 Rd6 0-1

[Event "Northumbria Masters 2018"]
[Site "Newcastle ENG"]
[Date "2018.02.16"]
[Round "4.19"]
[White "Asenov, Pavel"]
[Black "Kanakova, Natalie"]
[Result "1-0"]
[BlackTitle "WFM"]
[WhiteElo "2187"]
[BlackElo "2245"]
[WhiteFideId "433705"]
[BlackFideId "350486"]
[EventDate "2018.02.14"]

1. d4 Nf6 2. c4 e6 3. Nc3 Bb4 4. e3 O-O 5. Ne2 Re8 6. a3 Bf8 7. d5 exd5 8. cxd5
d6 9. Ng3 c5 10. Be2 a6 11. a4 b6 12. O-O Bb7 13. e4 Nbd7 14. Be3 g6 15. Qd2 Bg7
16. Bg5 Qc7 17. Rac1 Nf8 18. f4 h6 19. Bh4 Kh7 20. Bf3 Qd7 21. Rce1 Ng8 22. Qd1
b5 23. axb5 axb5 24. Bg4 Qc7 25. e5 c4 26. Kh1 Qb6 27. Nce4 dxe5 28. f5 g5 29.
Bxg5 f6 30. Be3 Qd8 31. d6 Qc8 32. Nc5 Bc6 33. Ne6 Qb7 34. Rf2 Ra2 35. Nc5 Qc8
36. Bh5 Rd8 37. Bf7 Ne7 38. Qb1 Ra7 39. Ne6 Rad7 40. dxe7 Rxe7 41. Nxd8 Qxd8 42.
Bg6+ 1-0

[Event "Northumbria Masters 2018"]
[Site "Newcastle ENG"]
[Date "2018.02.16"]
[Round "4.20"]
[White "Gayson, Peter M"]
[Black "Kalaiyalahan, Akshaya"]
[Result "1/2-1/2"]
[BlackTitle "FM"]
[WhiteElo "2151"]
[BlackElo "2136"]
[WhiteFideId "401838"]
[BlackFideId "422894"]
[EventDate "2018.02.14"]

1. e4 c5 2. Nf3 Nc6 3. d4 cxd4 4. Nxd4 g6 5. Nc3 Bg7 6. Be3 Nf6 7. Bc4 O-O 8.
Bb3 Re8 9. O-O d6 10. h3 Na5 11. Qd3 b6 12. Rfe1 Nxb3 13. axb3 Bb7 14. b4 Nd7
15. f4 a6 16. Nf3 b5 17. Nd2 Rc8 18. Nb3 Qc7 19. Na5 Ba8 20. Ra3 1/2-1/2

[Event "Northumbria Masters 2018"]
[Site "Newcastle ENG"]
[Date "2018.02.16"]
[Round "4.21"]
[White "Nandi, Robin J"]
[Black "House, Glenn L"]
[Result "0-1"]
[BlackTitle "FM"]
[WhiteElo "1815"]
[BlackElo "2214"]
[WhiteFideId "434604"]
[BlackFideId "406228"]
[EventDate "2018.02.14"]

1. d4 Nf6 2. c4 e6 3. Nf3 Bb4+ 4. Bd2 Qe7 5. g3 Nc6 6. Bg2 Bxd2+ 7. Nbxd2 d6 8.
O-O O-O 9. a3 a5 10. Qc2 e5 11. d5 Nb8 12. b4 Bg4 13. Nb3 Bxf3 14. Bxf3 axb4 15.
axb4 Rxa1 16. Rxa1 Na6 17. Qc3 e4 18. Bg2 Ng4 19. Na5 f5 20. Nxb7 Nb8 21. Qd4
Nd7 22. c5 Nde5 23. Ra7 Qf6 24. Qa1 f4 25. f3 fxg3 26. fxg4 Qh6 27. h3 Qe3+ 28.
Kh1 Nxg4 29. Ra3 Nf2+ 30. Kg1 Nxh3+ 31. Kh1 Nf2+ 32. Kg1 Nd3+ 0-1

[Event "Northumbria Masters 2018"]
[Site "Newcastle ENG"]
[Date "2018.02.16"]
[Round "4.22"]
[White "Dunn, Alan"]
[Black "Kane, Robert"]
[Result "1/2-1/2"]
[WhiteElo "2046"]
[BlackElo "1900"]
[WhiteFideId "4300858"]
[BlackFideId "420468"]
[EventDate "2018.02.14"]

1. d4 Nf6 2. Bf4 b6 3. c4 Bb7 4. Nc3 g6 5. f3 Bg7 6. e4 O-O 7. Qd2 c5 8. d5 e5
9. Be3 Nh5 10. g4 Nf4 11. Bxf4 exf4 12. Qxf4 d6 13. Nge2 Nd7 14. Rd1 Ne5 15. Ng3
Qh4 16. Qe3 f5 17. exf5 gxf5 18. gxf5 Rxf5 19. Be2 Bh6 20. Qe4 Rf4 21. Qc2 Nxf3+
22. Bxf3 Rxf3 23. Rd3 Re8+ 24. Ne2 Rxd3 25. Qxd3 Bc8 26. Kd1 Re3 27. Qc2 Bg4 28.
Re1 Qg5 29. Rg1 Rd3+ 30. Ke1 Qe3 31. Nf5 Qd2+ 32. Qxd2 Bxd2+ 33. Kd1 Bg5+ 34.
Ke1 Bd2+ 35. Kd1 Bg5+ 1/2-1/2

[Event "Northumbria Masters 2018"]
[Site "Newcastle ENG"]
[Date "2018.02.16"]
[Round "4.23"]
[White "Han, Yichen"]
[Black "Younger, Mark"]
[Result "1/2-1/2"]
[WhiteElo "1998"]
[BlackElo "1720"]
[WhiteFideId "1054430"]
[BlackFideId "454354"]
[EventDate "2018.02.14"]

1. e4 c5 2. Nf3 d6 3. d4 cxd4 4. Nxd4 Nf6 5. Nc3 a6 6. Be3 e5 7. Nb3 Be7 8. f3
Be6 9. Qd2 O-O 10. g4 d5 11. exd5 Nxd5 12. Nxd5 Bh4+ 13. Bf2 Bxf2+ 14. Qxf2 Qxd5
15. Bd3 Nd7 16. O-O-O Qc6 17. Rhe1 a5 18. Be4 Qc7 19. Re3 Qb6 20. Re2 Qc7 21.
Rd3 a4 22. Nd2 Bxa2 23. Rc3 Qb8 24. Bf5 Be6 25. Bxe6 fxe6 26. Ne4 b5 27. Rd3 Nb6
28. Qc5 Nd5 29. Red2 Rc8 30. Qd6 Qxd6 31. Nxd6 Rcb8 32. Ne4 Kf7 33. Ng5+ Ke7 34.
Nxe6 Kxe6 35. Rxd5 b4 36. Rd6+ Ke7 37. Rd7+ Kf8 38. Rc7 a3 39. Rdd7 a2 40. Rf7+
Ke8 41. Rfe7+ Kf8 1/2-1/2

[Event "Northumbria Masters 2018"]
[Site "Newcastle ENG"]
[Date "2018.02.16"]
[Round "4.24"]
[White "Spanton, Tim R"]
[Black "Turner, Max N"]
[Result "1/2-1/2"]
[WhiteElo "1901"]
[BlackElo "1933"]
[WhiteFideId "404802"]
[BlackFideId "447722"]
[EventDate "2018.02.14"]

1. c4 c6 2. e4 d5 3. exd5 cxd5 4. d4 Nf6 5. Nc3 e6 6. Nf3 Bb4 7. cxd5 Nxd5 8.
Bd2 Nc6 9. Bd3 O-O 10. O-O Be7 11. a3 Bf6 12. Be3 Re8 13. Ne4 Be7 14. Rc1 Bd7
15. Bb1 Qb6 16. Qd3 f5 17. Nc5 Rad8 18. b4 Bf6 19. Na4 Qa6 20. Qxa6 bxa6 21. Nc5
Bc8 22. Rfd1 f4 23. Bd2 Nxd4 24. Nxd4 Bxd4 25. Rc4 e5 26. Be4 Nb6 27. Rc2 Be6
28. Nxe6 Rxe6 29. Rdc1 Red6 30. Be1 Na4 31. Rb1 Nb6 32. Rbc1 Nd5 33. Kf1 Nf6 34.
Bf3 g5 35. Bc3 g4 36. Be2 h5 37. Bxd4 exd4 38. Bd3 Nd5 39. Rc5 Kg7 40. Be2 Nc3
41. Bd3 Rd5 42. Rc6 a5 43. Rg6+ Kf7 44. Ra6 Rc8 45. Rxa7+ Kf6 46. Ra6+ Kf7 47.
b5 a4 48. Rxa4 Nxa4 49. Rxc8 Nb2 50. Bc4 Nxc4 51. Rxc4 Rxb5 52. Rxd4 Rb1+ 53.
Ke2 Rb2+ 54. Rd2 Rb5 55. a4 Re5+ 56. Kd3 Kf6 57. Re2 Ra5 58. Re4 Kf5 59. Rc4 h4
60. g3 hxg3 61. hxg3 fxg3 62. fxg3 Re5 63. Kd2 Rd5+ 64. Ke3 Re5+ 65. Kf2 Rd5 66.
Rf4+ Kg5 67. Ke3 Ra5 68. Kd3 Re5 69. Rb4 Re1 70. Rb5+ Kg6 71. Rb4 Kg5 72. Kc4
Rc1+ 73. Kd4 Ra1 74. Kc4 Ra3 75. Rb5+ 1/2-1/2

[Event "Northumbria Masters 2018"]
[Site "Newcastle ENG"]
[Date "2018.02.16"]
[Round "5.1"]
[White "Donchenko, Alexander"]
[Black "Raetsky, Alexander"]
[Result "0-1"]
[WhiteTitle "GM"]
[BlackTitle "GM"]
[WhiteElo "2583"]
[BlackElo "2362"]
[WhiteFideId "24603295"]
[BlackFideId "4103203"]
[EventDate "2018.02.14"]

1. Nf3 d5 2. g3 Nc6 3. d4 Bg4 4. Bg2 Qd7 5. h3 Bh5 6. O-O O-O-O 7. c3 f6 8. b4
e5 9. b5 Nb8 10. a4 e4 11. Nfd2 f5 12. Nb3 h6 13. Nc5 Qe8 14. Qc2 g5 15. f4 Nd7
16. Nb3 Bd6 17. a5 Ne7 18. a6 b6 19. Na3 gxf4 20. Bxf4 Bxf4 21. Rxf4 Qg6 22. g4
fxg4 23. h4 Rhf8 24. Rxf8 Rxf8 25. c4 Qf6 26. Rf1 Qxh4 27. Nd2 Qg3 28. Rxf8+
Nxf8 29. cxd5 Qe3+ 30. Kh1 Qxa3 31. d6 Qxd6 32. Qxe4 Kd7 33. Nc4 Qe6 34. Ne5+
Kd6 35. Qf4 Qf5 36. Qxh6+ Nfg6 37. e4 Qf2 38. Nd3 Qh4+ 39. Kg1 g3 40. Qe3 Kd7
41. d5 Qh2+ 42. Kf1 Nh4 43. Qd2 Qxg2+ 44. Qxg2 Nxg2 45. Kxg2 Be2 46. Ne5+ Kd6
47. Nf7+ Kc5 0-1

[Event "Northumbria Masters 2018"]
[Site "Newcastle ENG"]
[Date "2018.02.16"]
[Round "5.2"]
[White "Tan, Justin2"]
[Black "Plat, Vojtech"]
[Result "1/2-1/2"]
[WhiteTitle "IM"]
[BlackTitle "GM"]
[WhiteElo "2479"]
[BlackElo "2560"]
[WhiteFideId "3206882"]
[BlackFideId "325740"]
[EventDate "2018.02.14"]

1. e4 c5 2. Nf3 Nc6 3. c3 Nf6 4. e5 Nd5 5. d4 cxd4 6. Bc4 Nb6 7. Bb3 d6 8. exd6
Qxd6 9. O-O d3 10. Na3 a6 11. Be3 Na5 12. Ng5 Nxb3 13. Qxb3 Nd5 14. c4 Nf6 15.
Rad1 Bf5 16. Qxb7 Rb8 17. Qa7 Nd7 18. c5 Qc6 19. Nc4 Ra8 20. Na5 Qc8 21. Qb7
Qxb7 1/2-1/2

[Event "Northumbria Masters 2018"]
[Site "Newcastle ENG"]
[Date "2018.02.16"]
[Round "5.3"]
[White "Hebden, Mark L"]
[Black "Vakhidov, Jakhongir"]
[Result "0-1"]
[WhiteTitle "GM"]
[BlackTitle "GM"]
[WhiteElo "2454"]
[BlackElo "2532"]
[WhiteFideId "400084"]
[BlackFideId "14201801"]
[EventDate "2018.02.14"]

1. e4 c5 2. Nf3 Nc6 3. Bb5 g6 4. O-O Bg7 5. Re1 Nf6 6. c3 O-O 7. d4 d5 8. e5 Ne4
9. Bxc6 bxc6 10. Nbd2 Nxd2 11. Bxd2 Qb6 12. Qa4 cxd4 13. cxd4 Bg4 14. Ba5 Qa6
15. Nd2 Rfb8 16. b4 Bh6 17. Nb3 Qc4 18. Qa3 Bf5 19. Qb2 Rxb4 20. Bxb4 Qxb4 21.
Qe2 a5 22. Rad1 Qc4 23. Qf3 Bc2 24. e6 f6 25. h4 a4 26. Nc5 Bxd1 27. Rxd1 Qxa2
28. h5 Qc2 29. hxg6 hxg6 30. Nd3 a3 31. Ne1 Qe4 32. Qc3 a2 33. Nc2 Rb8 0-1